000 00586nam a2200181Ia 4500
003 GCL
008 140319s9999 xx 000 0 ara d
040 _aGCL /
_cGCL
082 0 4 _a219.9
_bع ص
100 1 _aعبدالقادر طايش
245 1 0 _aصورة الاسلام فى الاعلام الغربى /
_cعبدالقادر طايش
260 _a[S.N] :
_bالزهراء للاعلام العربى ،
_c1993
300 _a175 ص
490 _a
650 0 4 _aالاسلام والعلاقات الخارجية
650 0 4 _aالاسلام والتعلم
942 _2ddc
_cBK
999 _c54180
_d54180